| 000 | 00523nam a2200157 i 4500 | ||
|---|---|---|---|
| 001 | 58511 | ||
| 003 | ES-MaACL | ||
| 007 | t| | ||
| 008 | 031022s1972 sp ||||1| spa d | ||
| 100 | 1 |
_aDyer, John R. _946410 |
|
| 245 | 1 | 0 |
_aAplicaciones de espectroscopia de absorción en compuestos orgánicos / _cJohn R. Dyer ; traducción y adaptación Juan A. Garbarino. |
| 260 |
_aMadrid : _bPrentice-Hall, _c[1972] |
||
| 300 |
_aX, 145 p. ; _c247 cm. |
||
| 700 | 1 |
_aGarbarino, Juan A. _953949 |
|
| 852 |
_aES-MaACL _jE-7634 _bR.92066 |
||
| 999 |
_c58511 _d58511 |
||